| 000 | 01402nam a22003854i 4500 | ||
|---|---|---|---|
| 001 | 12041544 | ||
| 003 | CO-MdFUSB | ||
| 005 | 20251001110636.0 | ||
| 007 | ta | ||
| 008 | 000615s20012000kyua g b 000 0 eng | ||
| 010 | _a 00043425 | ||
| 020 | _a0664222641 | ||
| 040 |
_aDLC _cCO-MdFUSB _dCO-MdFUSB _bspa _erda |
||
| 041 | _aeng | ||
| 082 | 0 | 0 |
_224 _a251 _bL921h |
| 100 | 1 |
_aLowry, Eugene L. _eautor |
|
| 245 | 1 | 4 |
_aThe homiletical plot _b: The sermon as narrative art form _c/ Eugene L. Lowry ; prefacio por Fred B. Craddock. |
| 250 | _aedición expandida | ||
| 264 | 1 |
_aLouisville, Ky. : _bWestminster John Knox Press, _c[2000] |
|
| 264 | 4 | _c©2001 | |
| 300 |
_a138 páginas ; _c21 cm. |
||
| 336 |
_2rdacontent _atexto _btxt |
||
| 337 |
_2rdamedia _asin mediación _bn |
||
| 338 |
_2rdacarrier _avolumen _bnc |
||
| 504 | _aBibliografía (p. 135-138). | ||
| 505 | _aEl sermón como narración -- Las etapas de la trama homilética --Otras consideraciones | ||
| 563 | _aRústico | ||
| 650 | 0 |
_aPredicación _954 |
|
| 856 | _uJTF-925 | ||
| 906 |
_a7 _bcbc _corignew _d1 _eocip _f20 _gy-gencatlg |
||
| 942 | _cBK | ||
| 945 | _aElías Tolentino | ||
| 999 |
_c64219 _d64219 |
||